| 000 | 01063cam a2200217 4500 | ||
|---|---|---|---|
| 001 | J122858 | ||
| 008 | 030702n2003 000 0 eng u | ||
| 035 | _a(Sirsi) u122858 | ||
| 041 | _aeng | ||
| 050 |
_a711.7 _c18 |
||
| 110 |
_aDfT _94403 |
||
| 245 |
_aMajor scheme appraisal in local transport plans _bpart 1 - detailed guidance on public transport and highways schemes |
||
| 250 | _a3rd ed. | ||
| 260 |
_aLondon _bDfT _c2003 |
||
| 520 | _aSets out the procedures to be followed in the appraisal of major public transport and highway schemes bids as part of the Local Transport Plan (LTP) process. The submitted bid document should form Annex E to the Annual Progress Report (APR). The DfT requires a full appraisal in accordance with the guidance set out in this note. View at www.local-transport.dft.gov.uk. | ||
| 650 | _aLOCAL TRANSPORT PLANS | ||
| 650 | _aTRANSPORT PLANNING | ||
| 690 | _aTRANSPORT AND COMMUNICATIONS | ||
| 856 |
_uhttps://www.dft.gov.uk/webtag/documents/overview/unit1.4.php _zView the guidance on the DfT website. |
||
| 942 | _n0 | ||
| 999 |
_c102944 _d102944 |
||